| 000 | 01180 a2200229 4500 | ||
|---|---|---|---|
| 003 | NUST | ||
| 005 | 20221224144506.0 | ||
| 010 | _a 76366365 | ||
| 020 | _a0233966978 : | ||
| 040 | _cNust | ||
| 082 | 0 | 0 |
_a355.02,ONO _aB |
| 100 | 1 |
_aOnoda, Hiroo. _948900 |
|
| 245 | 1 | 0 |
_aNo surrender : _bmy thirty-year war / _cHiroo Onoda ; translated [from the Japanese] by Charles S. Terry. |
| 260 |
_aLondon : _bDeutsch, _c c1974. |
||
| 300 |
_a219 p., [8] p. of plates : _bill., map (on lining paper), ports. ; _c23 cm. |
||
| 505 | _aForeword (Page-7), Reunion (Page-11), Commando Training (Page-17), Fateful Orders (Page-39), No Will to Fight (Page-51), The Four – day Battle (Page-62), The Vow to Fight on (Page-78), Three Soldiers at War (Page-94), Faked Messages (Page-109), Jungle Life (Page-129), Devils in The Mountains (Page-155), Alone (Page-174), February 20,1974(Page-196), Lubang , Sayonara(Page-210). | ||
| 600 | 1 | 0 |
_aOnoda, Hiroo. _948900 |
| 650 | 0 |
_aWorld War, 1939-1945 _xArmistices. _948901 |
|
| 650 | 0 |
_aWorld War, 1939-1945 _xPersonal narratives, Japanese. _948902 |
|
| 650 | 0 |
_aWorld War, 1939-1945 _zPhilippines _zLubang Island. _948903 |
|
| 942 |
_2ddc _cBK _k355.02,ONO |
||
| 999 |
_c185632 _d185632 |
||